| 000 | 00924nmc a2200325 a 4500 | ||
|---|---|---|---|
| 003 | AR-BaBNM | ||
| 005 | 20251128204247.0 | ||
| 008 | 025019s1995 ||||||||||||||000 | spa|| | ||
| 020 | _a84-376-0219-X | ||
| 040 | _cAR-BaBNM | ||
| 100 | 1 | _aDijk, Teun A. van | |
| 245 | 1 | 0 |
_aTexto y contexto _bsemántica y pragmática del discurso |
| 250 | _a5ª ed. | ||
| 260 |
_aMadrid _bEdiciones Cátedra _c1995 |
||
| 300 | 0 |
_a357 p. _btablas, gráfs. |
|
| 490 | 0 | _aLingüística | |
| 500 | 0 | _aTraducción de Juan Domingo Moyano | |
| 500 | 0 | _aIndice glosario: p. 355-357 | |
| 504 | _aBibliografía: p. 345-354 | ||
| 650 | 4 | _aTEORIA LINGUISTICA | |
| 650 | 4 | _aSEMANTICA | |
| 650 | 4 | _aANALISIS SEMANTICO | |
| 650 | 4 | _aRELACIONES SEMANTICAS | |
| 650 | 4 | _aHABLA | |
| 650 | 4 | _aANALISIS LINGUISTICO | |
| 650 | 4 | _aLINGUISTICA DESCRIPTIVA | |
| 700 | 1 |
_aGarcía Berrio, Antonio _eprologuista |
|
| 942 | _cBK | ||
| 998 | _cEthel | ||
| 999 |
_c6749 _d6749 |
||